00733nam a2200181Ia 4500003000900000008004100009020002600050040001600076100003000092245005500122260003200177300002000209490003300229856010300262942000700365999001700372952016200389IN-BaIIA211028s9999 xx s 000 0 eng d a9780892525898 (Print) cIIA Library aMoore, Duncan, ed.941228 0a1985 International Lens Design Conferenceh[eBook] aWashington, USAbSPIEc1986 aOnline resource aProceedings of SPIE; V. 0554 uhttps://www.spiedigitallibrary.org/conference-proceedings-of-spie/0554yClick Here to Access eBook cEB c22602d22602 00104070aBANbBANd2011-07-01eSPIEhV. 554l0pEB2062r2021-11-05uhttps://www.spiedigitallibrary.org/conference-proceedings-of-spie/0554w2021-11-05yEB